Bohdan činohra v 3 jednaniach z roku 1849

Tragédia o slovenskom dobrovoľníkovi v revolučných rokoch 1848-1849, ktorá vznikla prepracovaním pôvodne nemeckej hry s faustovskou problematikou Der Satan und der Philosoph

Bibliographic Details
Main Author: Grajchman, Jakub, 1822-1897 (Author, Translator)
Format: Manuscript Book
Language:Slovak
German
PhysicalDescription:1 nečíslovaná strana, 49 strán rukopis, voľné listy 34 cm
Published: [Liptovský Mikuláš] [1863]
Subjects:

MARC

LEADER 00000ntmaa2200000 a 4500
001 vtls012070432
003 SK-MaSNL
005 20260301104211.0
008 251021s1863 xo || 000 d slo
035 |a urn:nbn:sk:snk-tm00ggy4 
035 |a urn:nbn:sk:snk-tm3n4pl 
035 |a 136D83B2-DAC1-43AB-9330-859DAA6ACC60 
040 |a SNKLA  |b slo  |c SNKLA  |e AACR2 
041 1 |a slo  |h ger 
044 |a xo  |c SK 
072 7 |a 821.162.4  |x Slovenská literatúra  |2 konspekt 
072 7 |a 821.112.2  |x Nemecká literatúra, nemecky písaná  |2 konspekt 
080 |a 025.171  |2 2011 
080 |a (0:82-21)  |2 2001 
080 |a 94(4)"1848/1849"  |2 2001 
080 |a 821.162.4-2  |2 2011 
080 |a 821.112.2-2  |2 2011 
100 1 |a Grajchman, Jakub,  |d 1822-1897  |4 aut  |4 trl  |9 256462 
240 1 4 |a Der Satan und der Philosoph  |l Slovensky 
245 1 0 |a Bohdan  |b činohra v 3 jednaniach z roku 1849  |c [Jakub Grajchman] 
246 3 3 |a Bohdan Tatrín 
260 |a [Liptovský Mikuláš]  |c [1863] 
300 |a 1 nečíslovaná strana, 49 strán  |b rukopis, voľné listy  |c 34 cm 
500 |a Autor podľa pôvodne nemeckej verzie a podľa iných prác pod signatúrou 28 
500 |a Čistopis drámy; prvopis uložený pod signatúrou 28 E 5 pod názvom Bohdan Tatrín 
500 |a Na prednej strane obálky ružovou pastelkou: č. 628 
500 |a Pôvodne nemecká verzia uložená pod signatúrou 28 F 9 
520 2 |a Tragédia o slovenskom dobrovoľníkovi v revolučných rokoch 1848-1849, ktorá vznikla prepracovaním pôvodne nemeckej hry s faustovskou problematikou Der Satan und der Philosoph 
555 0 |a Inventár rukopisov Literárneho archívu Matice slovenskej VII. Fondy 1 - 30. Martin : Matica slovenská 1978 
561 |a Okrúhla pečiatka: Knihoveň Matice slovenskej 
561 |a Okrúhla pečiatka: Matica slovenská Martin Literárny archív 
650 0 7 |a revolúcia (1848-1849)  |2 SNKPH  |9 4759 
655 7 |a rukopisy  |2 SNKPH  |9 70548 
655 7 |a slovenské drámy  |2 SNKPH  |9 70606 
655 7 |a tragédie  |2 SNKPH  |9 74384 
655 7 |a nemecké drámy  |2 SNKPH  |9 79399 
852 |a Slovenská národná knižnica  |b Literárny archív 
958 |a OF 
958 |a LAVD 
999 |c 697498  |d 699428 
952 |a SNKLA  |b SNKLA  |c SNKLA_DEP  |y NEVYP  |7 0  |p 17A1229826  |o snk28 E 4  |0 0  |1 0  |4 0  |d 2021-09-24  |f 1  |l 0  |r 2026-02-23 20:46:45  |w 2026-02-23